| 000 | 00521nam a22001577a 4500 | ||
|---|---|---|---|
| 003 | OSt | ||
| 005 | 20151007162434.0 | ||
| 008 | 151007b xxu||||| |||| 00| 0 eng d | ||
| 040 | _cRUA | ||
| 082 | _aAVM ឌុក 1989 B001 Or.1 | ||
| 100 |
_92313 _aឌុក ឆេង |
||
| 245 | _aការវាយតំលៃដោយប្រៀបធៀប អំពីវិធីព្យាបាលដំបៅមេជ្រូក, | ||
| 260 |
_aphnom penh _brua _c1989 |
||
| 300 |
_a77p. _bill. _c29cm. |
||
| 942 |
_2ddc _cAVM |
||
| 999 |
_c2179 _d2179 |
||